The Ciba collection of medical illustrations.

Bibliographic Details
Corporate Author: CIBA-GEIGY Corporation. Medical Education Division
Format: Slide
Language:English
Published: Summit, N.J. : CIBA Medical Education Division, [1970?-]
Subjects:

MARC

Tag First Indicator Second Indicator Subfields
LEADER 00000cgm a2200000 a 4500
001 in00000092950
005 20150923173424.0
007 gs nbfj||
008 790906s nj ---u 0sneng d
035 |a (OCoLC)05343668 
035 |9 AAK7966AM 
040 |a DRB  |c DRB  |d m.c.  |d TXA  |d UtOrBLW 
049 |a TXAV 
090 |a RB33  |b .N42 
245 0 4 |a The Ciba collection of medical illustrations. 
264 1 |a Summit, N.J. :  |b CIBA Medical Education Division,  |c [1970?-] 
300 |a slides ;  |c col. 
336 |a still image  |b sti  |2 rdacontent 
337 |a projected  |b g  |2 rdamedia 
338 |a slide  |b gs  |2 rdacarrier 
505 0 |a Vol. 5. Heart (243 slides) -- Vol. 6. Kidneys, ureters ad urinary bladder (240 slides) -- Vol. 7. Respiratory system (271 slides) 
500 |a Slide. 
650 0 |a Medical illustration. 
650 0 |a Pathology  |v Atlases. 
650 0 |a Human anatomy  |v Atlases. 
710 2 |a CIBA-GEIGY Corporation.  |b Medical Education Division. 
740 0 |a Heart  |h slide 
740 0 |a Kidneys, ureters ad urinary bladder  |h slide 
740 0 |a Respiratory system  |h slide 
999 |a MARS 
999 f f |s 0d524191-e476-3e60-9a65-b5b0a5fa2314  |i 2823a23b-4fe7-36b0-8a2d-0eec230644d6  |t 0